Siddha-17: 1983 (Record no. 343230)

MARC details
000 -LEADER
fixed length control field 003600000a22001570004500
005 - DATE AND TIME OF LATEST TRANSACTION
control field 20120302053554.0
040 ## - CATALOGING SOURCE
Original cataloging agency ENG
245 ## - TITLE STATEMENT
Title Siddha-17: 1983
260 ## - PUBLICATION, DISTRIBUTION, ETC. (IMPRINT)
Place of publication, distribution, etc Mumbai:Siddharth College,1983
300 ## - PHYSICAL DESCRIPTION
Extent iii,5-99p
365 ## - TRADE PRICE
Price amount Rs.
650 ## - SUBJECT ADDED ENTRY--TOPICAL TERM
Topical term or geographic name as entry element Ambedkar's Independent Labour Party
650 ## - SUBJECT ADDED ENTRY--TOPICAL TERM
Topical term or geographic name as entry element Sadanand Rege
650 ## - SUBJECT ADDED ENTRY--TOPICAL TERM
Topical term or geographic name as entry element Siddha-17
942 ## - ADDED ENTRY ELEMENTS (KOHA)
Koha item type Book
Holdings
Withdrawn status Lost status Damaged status Not for loan Home library Current library Date acquired Total Checkouts Barcode Date last seen Price effective from
        Institute For Oriental Study, Thane Institute For Oriental Study, Thane 12/02/2009   IOS-1241 12/02/2009 12/02/2009